Basic Physical Science/ (Record no. 11479)

MARC details
000 -LEADER
fixed length control field 00696nam a22002177i 4500
003 - CONTROL NUMBER IDENTIFIER
control field URS
005 - DATE AND TIME OF LATEST TRANSACTION
control field 20220117094615.0
008 - FIXED-LENGTH DATA ELEMENTS--GENERAL INFORMATION
fixed length control field 170809b xxu||||| |||| 00| 0 eng d
040 ## - CATALOGING SOURCE
Description conventions rda
Transcribing agency college
Language of cataloging eng
050 00 - LIBRARY OF CONGRESS CALL NUMBER
Classification number Q161
Item number M1377 1964
245 10 - TITLE STATEMENT
Title Basic Physical Science/
Statement of responsibility, etc. MacCracken, Helen D., Decker, Donald G., Read, John G., Yarian Alton.
264 #1 - PRODUCTION, PUBLICATION, DISTRIBUTION, MANUFACTURE, AND COPYRIGHT NOTICE
Place of production, publication, distribution, manufacture USA:
Name of producer, publisher, distributor, manufacturer L.W. Singer Company, Incorporated,
Date of production, publication, distribution, manufacture, or copyright notice [1964]
264 #4 - PRODUCTION, PUBLICATION, DISTRIBUTION, MANUFACTURE, AND COPYRIGHT NOTICE
Date of production, publication, distribution, manufacture, or copyright notice ©1964
300 ## - PHYSICAL DESCRIPTION
Extent ii, 454 pages:
Other physical details illustrations,
Dimensions 24 cm.
336 ## - CONTENT TYPE
Content type term text
Content type code txt
Source rdacontent
337 ## - MEDIA TYPE
Media type term unmediated
Media type code n
Source rdamedia
338 ## - CARRIER TYPE
Carrier type term volume
Carrier type code nc
Source rdacarrier
650 ## - SUBJECT ADDED ENTRY--TOPICAL TERM
Topical term or geographic name entry element Physical Science.
700 ## - ADDED ENTRY--PERSONAL NAME
Personal name MacCracken, Helen D...[et.al.]
942 ## - ADDED ENTRY ELEMENTS (KOHA)
Source of classification or shelving scheme Library of Congress Classification
Koha item type Foreign Books
Holdings
Withdrawn status Source of classification or shelving scheme Damaged status Not for loan Home library Current library Shelving location Date acquired Total Checkouts Full call number Barcode Date last seen Price effective from Koha item type
  Library of Congress Classification     Rodriguez College Library Rodriguez College Library Reference 08/09/2017   Q161 M1377 1964 URSROD-0701 08/09/2017 08/09/2017 Foreign Books
  Library of Congress Classification     Rodriguez College Library Rodriguez College Library Reference 08/09/2017   Q161 M1377 1964 URSROD-0700 08/09/2017 08/09/2017 Foreign Books

University of Rizal System
Email us at univlibservices@urs.edu.ph

Visit our Website www.urs.edu.ph/library